Yankees 2025 Opening Day Roster - Statistics

General Stats
  • This quiz has been taken 370 times
  • The average score is 15 of 26
Answer Stats
Hint Answer % Correct
99 Judge
100%
11 Volpe
88%
35 Bellinger
85%
22 Rice
81%
28 Wells
78%
54 Fried
74%
95 Cabrera
73%
48 Goldschmidt
73%
55 Rodon
72%
13 Chisholm Jr
71%
30 Weaver
67%
24 Dominguez
65%
12 Grisham
65%
38 Williams
64%
0 Stroman
58%
18 Peraza
57%
98 Warren
55%
41 Hill
53%
25 Escarra
49%
63 Cruz
42%
56 Leiter Jr
42%
59 Carrasco
32%
19 Reyes
29%
33 Yarbrough
23%
94 Gomez
16%
47 Headrick
14%
No matching quizzes found
Score Distribution
Percent of People with Each Score
Percentile by Number Answered
Your Score History
You have not taken this quiz